Una revisión crítica de algunos presupuestos sobre la democracia a propósito del caso salvadoreño /
Este artículo tiene por objetivo exponer una serie de críticas hacia la democracia en tanto fenómeno político y en cuanto objeto teórico de estudio. Para ello se realiza un somero repaso de las características generales que adoptaron los procesos de transición política y de consolidación de la democ...
Gorde:
| Egile nagusia: | |
|---|---|
| Formatua: | Texto |
| Gaiak: | |
| Etiketak: |
Etiketa erantsi
Etiketarik gabe, Izan zaitez lehena erregistro honi etiketa jartzen!
|
MARC
| LEADER | 00000 a a2200000 04500 | ||
|---|---|---|---|
| 001 | 46101 | ||
| 003 | |||
| 040 | |||
| 100 | |a Orellana, Carlos Iván | ||
| 245 | |a Una revisión crítica de algunos presupuestos sobre la democracia a propósito del caso salvadoreño / |c Carlos Iván Orellana | ||
| 520 | |a Este artículo tiene por objetivo exponer una serie de críticas hacia la democracia en tanto fenómeno político y en cuanto objeto teórico de estudio. Para ello se realiza un somero repaso de las características generales que adoptaron los procesos de transición política y de consolidación de la democracia ocurridos en El Salvador, en los cuales se verifican al menos dos aspectos llamativos: el estancamiento de las libertades civiles y la ausencia de la faceta social de la democracia; y en un nivel teórico el recurso explicativo para dar cuenta del proceso democratizador salvadoreño responde al paradigma de la transitología. | ||
| 590 | |a AMB/NOVIEMBRE2014 | ||
| 650 | |a A) DEMOCRACIA | ||
| 650 | |a B) POLITICA | ||
| 650 | |a C) DERECHOS CIVILES | ||
| 650 | |a D) EL SALVADOR | ||
| 773 | |g volumen68, número734 ( , 2013), páginas 355-385 : tablas | ||
| 999 | |c 29300 |d 29300 | ||
